Génériques de JoJo's Bizarre Adventure - Statistiques

Statistiques générales
  • Ce quiz a été pris 88 fois
  • Le résultat moyen est 7 sur 11
Statistiques - réponses
Part Title Artists % Correct
Phantom Blood JoJo ~ Sono Chi no Sadame~ Hiroaki "TOMMY" Tominaga
86%
Battle Tendency BLOODY STREAM Coda
85%
Diamond is Unbreakable chase batta
82%
Golden Wind Fighting Gold Coda
79%
Diamond is Unbreakable Crazy Noisy Bizarre Town THE DU
70%
Stardust Crusaders STAND PROUD Jin Hashimoto
61%
Stardust Crusaders JoJo: The Memories of That Blood ~end of THE WORLD~ JO☆STARS ~TOMMY, Coda, JIN~
58%
Diamond is Unbreakable Great Days Karen Aoki & Daisuke Hasegawa
54%
Stone Ocean Heaven's falling down sana
42%
Stone Ocean STONE OCEAN ichigo
39%
Golden Wind Requiem for a Traitor (Uragirimono no Rekuiemu) Daisuke Hasegawa
28%
Aucun quiz correspondant
Distribution des résultats
% des personnes avec chaque résultat
Percentile par nombre de réponses
Votre historique - résultats
Vous n’avez pas pris ce quiz